| 000 | 00534nab a22001577 4500 | ||
|---|---|---|---|
| 003 | ES-SlBCS | ||
| 005 | 20240304212227.0 | ||
| 008 | 240304s2023 bl ||||| |||| 00| 0 por d | ||
| 040 |
_aES-SlBCS _bspa |
||
| 041 | _apor | ||
| 100 | 1 |
_9209056 _aNetto de Andrade, Luiz Felipe |
|
| 245 | 1 | 0 |
_aDemocracia fugitiva e totalitarismo invertido de Sheldon S. Wolin _cLuiz Felipe Netto de Andrade, Silva Sahd |
| 700 | 1 |
_9209071 _aSahd, Silva |
|
| 773 | 0 |
_gVol. 50, núm. 158, 2023, págs. 405-422 _tSíntese _wRev973 _x0103-4332 |
|
| 942 |
_2lcc _cAR |
||
| 999 |
_c894876 _d894876 |
||